Active alpha : a portfolio approach to selecting and managing alternative investments
Active alpha is the quest for every sophisticated investor. This book covers all of the key alpha sources currently mined by active managers, reduces the complexity of the subject, and helps the investor get started in the right direction
Wedi'i Gadw mewn:
| Prif Awdur: | |
|---|---|
| Fformat: | Llyfr |
| Iaith: | Undetermined |
| Cyhoeddwyd: |
Hoboken, N.J.
John Wiley & Sons
2007
|
| Pynciau: | |
| Tagiau: |
Ychwanegu Tag
Dim Tagiau, Byddwch y cyntaf i dagio'r cofnod hwn!
|
| Thư viện lưu trữ: | Trung tâm Học liệu Trường Đại học Cần Thơ |
|---|
| LEADER | 00896nam a2200217Ia 4500 | ||
|---|---|---|---|
| 001 | CTU_165855 | ||
| 008 | 210402s9999 xx 000 0 und d | ||
| 020 | |c 95 | ||
| 082 | |a 332.63 | ||
| 082 | |b D717 | ||
| 100 | |a Dorsey, Alan H. | ||
| 245 | 0 | |a Active alpha : | |
| 245 | 2 | |b a portfolio approach to selecting and managing alternative investments | |
| 245 | 0 | |c Alan H. Dorsey | |
| 260 | |a Hoboken, N.J. | ||
| 260 | |b John Wiley & Sons | ||
| 260 | |c 2007 | ||
| 520 | |a Active alpha is the quest for every sophisticated investor. This book covers all of the key alpha sources currently mined by active managers, reduces the complexity of the subject, and helps the investor get started in the right direction | ||
| 650 | |a Portfolio management,Investments,Factor analysis,Quản lý danh mục đầu tư | ||
| 910 | |a Nguyên | ||
| 980 | |a Trung tâm Học liệu Trường Đại học Cần Thơ | ||